Pass Cambridge BEC Preliminary /

Bibliographic Details
Main Author: Wood, Ian
Other Authors: Pile, louse
Format: Book
Language:English
Published: Oxford : Summertown Publishing, 2001 [reprinted 2007].
Subjects:
Classic Catalogue: View this record in Classic Catalogue
LEADER 01143nam a2200277 a 4500
001 0017231
003 BD-DhAAL
008 090826r20072001enka 000 0 eng d
020 |a 1902741250 (students bk.)  
020 |a 9781902741253 
040 |a NU  |b eng  |c NU  |d BD-DhAAL 
082 0 0 |a 428.0076  |2 22 
100 1 |a Wood, Ian.  |9 58416 
245 1 0 |a Pass Cambridge BEC Preliminary /  |c Ian wood, Louise pile 
246 1 |a Pass Cambridge Business English Certificate  
260 |a Oxford :  |b Summertown Publishing,  |c 2001 [reprinted 2007]. 
300 |a v, 155 p. :  |b ill. (col.) ;  |c 30 cm 
526 |a CFL, BRACU 
541 1 |e 00017231  |a Karim International 
650 0 |a English language  |x Business English  |x Examinations  |v Study guides.  |9 58417 
650 0 |a English language  |x Business English  |x Textbooks for foreign speakers.  |9 58418 
700 1 |a Pile, louse  |9 58419 
852 4 |a Ayesha Abed Library  |c General Stacks 
942 |2 ddc  |c BK 
999 |c 3634  |d 3634 
952 |0 0  |1 4  |2 ddc  |4 0  |6 428_007600000000000_WOO  |7 0  |9 3297  |a BRACUL  |b BRACUL  |d 2009-09-03  |e Karim International  |g 1450.00  |l 0  |o 428.0076 WOO  |p 3010017231  |r 2009-09-03  |t 1  |w 2009-09-03  |y BK  |x Koha Inventory 2020